| 000 | 00672nam a22002297a 4500 | ||
|---|---|---|---|
| 003 | UA-OsUOA | ||
| 001 | 23364 | ||
| 007 | ta | ||
| 008 | 20040120b un ||||| |||| 00| 0 ukr d | ||
| 090 |
_a378.1 _bІ66 |
||
| 942 | _cBK | ||
| 040 |
_aUA-OsUOA _bukr _cUA-OsUOA _dUA-OsUOA |
||
| 245 |
_aІнновації у вищий освіті (за матеріалами регіональних нарад) _bЗбірник доповідей |
||
| 300 | _a68 с. | ||
| 955 | _a0 | ||
| 041 | _aukr | ||
| 080 | _a378.1 | ||
| 260 |
_aКиїв _bНауково-методичний центр вищої освіти _c2003 |
||
| 044 | _aUA | ||
| 650 | 7 | _2UDC | |
| 999 |
_c309610 _d309610 |
||